000 00543nam a2200205 a 4500
001 1989
003 CO-ViMGA
008 141112s2004 ck r 000 u spa d
020 _a847522279X
040 _aCO-ViMGA
_bspa
_cCO-ViMGA
082 0 4 _aU863.44 B353s
100 1 _aBenedetti, Mario
_96573
245 1 0 _aLas soledades de Babel /
_cBenedetti Mario
250 _a2a
260 _aMadrid :
_bVisor Libros,
_c1994
300 _a150 p
490 _aColección Visor de Poesía ; 279
650 1 4 _aPOESIA URUGUAYA
_96574
942 _2ddc
_cBK
999 _c14140
_d14140